Inspitari 2011[dvd]

Bibliographic Details
Format: Book
Published: Kuala Lumpur , 2011
Subjects:

MARC

LEADER 00000cam a2200000 7i4500
001 0000039770
005 20150915.0
090 0 0 |a DVD   |b 110 
245 0 0 |a Inspitari 2011[dvd] 
260 |a Kuala Lumpur ,   |c 2011 
300 |a DVD 
650 0 |a Jabatan Kebudayaan & Kesenian Negara 
650 0 |a Kementerian Penerangan Malaysia   |x Rtm 
999 |a 0001261102   |b Digital Video Disc   |c REFERENCE   |e Cawangan Segamat 
999 |a 0001261103   |b Digital Video Disc   |c Adult Collection   |e Cawangan Bandar Tenggara 
999 |a 0001261108   |b Digital Video Disc   |c Audiovisual   |e Cawangan Muar 
999 |a CD01261105   |b Digital Video Disc   |c Audiovisual   |e Cawangan Tmn. Ungku Tun Aminah 
999 |a CD01261112   |b CD-ROM   |c Adult Collection   |e Cawangan Taman Sri Lambak 
999 |a CD01261929   |b Digital Video Disc   |c REFERENCE   |e Perbadanan Perpustakaan Awam Johor